La concertación social en Costa Rica

Đã lưu trong:
Chi tiết về thư mục
Tác giả chính: Espinoza E, Juan Rafael
Định dạng: Texto
Được phát hành: San Salvador: s.e.
Các nhãn: Thêm thẻ
Không có thẻ, Là người đầu tiên thẻ bản ghi này!

MARC

LEADER 00000 a a2200000 04500
001 24737
003
040
090 |a 173300  
100 |a Espinoza E, Juan Rafael  
245 |a La concertación social en Costa Rica  
260 |a San Salvador:   |b s.e.  
300 |a 42 p.  
999 |c 3365  |d 3365